ঝগড়াপুর গ্রামবাংলার গৃহস্থ ও নারী / (Record no. 63341)
[ view plain ]
| 000 -LEADER | |
|---|---|
| fixed length control field | 00976nam a2200241 a 4500 |
| 001 - CONTROL NUMBER | |
| control field | 63341 |
| 003 - CONTROL NUMBER IDENTIFIER | |
| rucl marc code | BD-RjUL |
| 005 - DATE AND TIME OF LATEST TRANSACTION | |
| control field | 20211209081201.0 |
| 008 - FIXED-LENGTH DATA ELEMENTS--GENERAL INFORMATION | |
| fixed length control field | 170129s1980 bg ||||| |||| 00| 0 ben d |
| 020 ## - INTERNATIONAL STANDARD BOOK NUMBER | |
| Terms of availability | : TK 12.00 |
| 035 ## - SYSTEM CONTROL NUMBER | |
| System control number | (BD-RjUL)63470 |
| 040 ## - CATALOGING SOURCE | |
| Original cataloging agency | BD-RjUL |
| Language of cataloging | ben |
| Transcribing agency | BD-RjUL |
| 041 ## - LANGUAGE CODE | |
| Language code of text/sound track or separate title | ben |
| 082 ## - DEWEY DECIMAL CLASSIFICATION NUMBER | |
| Edition number | 23 |
| Classification number | 307.762 |
| Author mark and year | ARJ 1980 |
| 100 ## - MAIN ENTRY--PERSONAL NAME | |
| Personal name | আরেন্স, ইয়েনেকা |
| 9 (RLIN) | 188493 |
| 245 10 - TITLE STATEMENT | |
| Title | ঝগড়াপুর গ্রামবাংলার গৃহস্থ ও নারী / |
| Statement of responsibility, etc. | ইয়েনেকা আরেন্স, ইওস ফান ব্যুরদেন |
| 260 ## - PUBLICATION, DISTRIBUTION, ETC. (IMPRINT) | |
| Place of publication, distribution, etc. | ঢাকা : |
| Name of publisher, distributor, etc. | গণস্বাস্থ প্রকাশনা, |
| Date of publication, distribution, etc. | ১৯৮০ |
| 300 ## - PHYSICAL DESCRIPTION | |
| Pagination | [১০], ২৮০ পৃ. ; |
| Size | ২১ সেমি. |
| 650 ## - SUBJECT ADDED ENTRY--TOPICAL TERM | |
| Topical term or geographic name as entry element | আরবান গ্রাম |
| 9 (RLIN) | 176031 |
| Topical term or geographic name as entry element | Urban Villages |
| 9 (RLIN) | 170250 |
| 700 ## - ADDED ENTRY--PERSONAL NAME | |
| Personal name | ব্যুরদেন, ইওস ফান |
| 942 ## - ADDED ENTRY ELEMENTS (KOHA) | |
| Source of classification or shelving scheme | Dewey Decimal Classification |
| Koha item type | Books |
| Lost status | Source of classification or shelving scheme | Damaged status | Not for loan | Collection code | Permanent Location | Current Location | Shelving location | Date acquired | Source of acquisition | Total Checkouts | Full call number | Date last seen | Copy number | Koha item type | Cost, normal purchase price | Date checked out |
|---|---|---|---|---|---|---|---|---|---|---|---|---|---|---|---|---|
| Dewey Decimal Classification | Not For Loan | Non-fiction | Central Library, University of Rajshahi | Central Library, University of Rajshahi | Reading Room | 20/07/1983 | RUCL, Photocopy. | B 307.762 ARJ 1980 | 29/01/2017 | C-1 | Books | |||||
| Dewey Decimal Classification | Non-fiction | Central Library, University of Rajshahi | Central Library, University of Rajshahi | 15/07/1986 | Photo Copy, R.U.C.L | B 307.762 ARJ 1980 | 16/09/2021 | C-2 | Books | |||||||
| Dewey Decimal Classification | Non-fiction | Central Library, University of Rajshahi | Central Library, University of Rajshahi | General Stacks | 27/12/1997 | Mohiuddin & sons,Rajshahi | 6 | B 307.762 ARJ 1980 | 13/03/2025 | C-3 | Books | 40.00 | 02/03/2025 |